métiers dans l'imposteur de squeezie - Statistiques

Statistiques générales
  • Ce quiz a été pris 357 fois
    187 depuis la dernière actualisation
  • Le résultat moyen est 16 sur 68
Statistiques - réponses
Réponse % Correct
cuisinier
90%
pilote d'avion
70%
cpe
44%
DJ
44%
fleuriste
42%
bucheron
41%
cascadeur
40%
moniteur de ski
40%
clown
39%
maitre de chien
39%
chirurgien
36%
Pilote de drone
35%
ombromane
32%
primeurs
32%
immitateur
31%
barista
29%
pompier
29%
joueur de pétanque
28%
drag queen
27%
peintre
27%
avocat
26%
taxi
26%
inventeur
25%
maire
25%
professeur de chimie
25%
professeur de yoga du rire
25%
fan de k-pop
24%
maitre kebabier
24%
professeur de mathématiques
24%
Serveur
24%
cheerleader
23%
claquettiste
22%
sage femme
22%
Ostéopathe
21%
personnel de bord
21%
caricaturiste
20%
couple
20%
garde du corps
20%
joueur e sport
19%
chef d'orchestre
18%
sommelier
18%
cow boy
17%
marin|pêcheur
17%
serrurier
17%
ventriloque
17%
champion de fléchette
16%
nez
16%
pilote automobile
16%
pizzaiolo
16%
collectionneur
15%
croupier
15%
moniteur de colonie de vacances
15%
beatmaker
14%
commentateur sportif
14%
créateur de mode
14%
nunchaku
14%
surfer
14%
fromager
13%
mentaliste
13%
égyptologue
12%
professeur de zumba
12%
bruiteur
11%
mixologue
10%
chevelu
8%
Expert en survie
8%
théréministe
6%
styliste culinaire
5%
cuisinier teppanyaki
4%
Aucun quiz correspondant
Distribution des résultats
% des personnes avec chaque résultat
Percentile par nombre de réponses
Votre historique - résultats
Vous n’avez pas pris ce quiz depuis la dernière actualisation